Cataloging Cultural Objects: A guide to describing cultural works and their images

Tallennettuna:
Bibliografiset tiedot
Päätekijät: Baca, Murtha (Tekijä), Harpring, Patricia (Tekijä), Lanzi, Elisa (Tekijä), McRae, Linda (Tekijä), Whiteside, Ann (Tekijä)
Aineistotyyppi: Kirja
Kieli:englanti
Julkaistu: Chicago American Library Association 2006
Aiheet:
Tagit: Lisää tagi
Ei tageja, Lisää ensimmäinen tagi!

MARC

LEADER 00000nam a2200000 a 4500
001 UCH3537
003 CL-VaPUC
008 090806e20060000US |||||||||||||||||eng|d
020 |a 9780838935644 
082 0 4 |a 337.142  |b BAC  |2 21 
100 0 |a Baca, Murtha  |e author  |9 538851 
700 0 |a Harpring, Patricia  |e author  |9 538852 
700 0 |a Lanzi, Elisa  |e author  |9 538853 
700 0 |a McRae, Linda  |e author  |9 538854 
700 0 |a Whiteside, Ann  |e author  |9 538855 
245 1 0 |a Cataloging Cultural Objects: A guide to describing cultural works and their images 
300 |a 396 p 
942 |c BK 
945 |d 20090806 00:00:00  |a dcastane 
260 |a Chicago  |b American Library Association  |c 2006 
650 0 |a Catálogos  |9 256258 
650 0 |a Bibliografías   |9 257071 
650 7 |a BIBLIOGRAFIAS ESPECIALES  |2 CL-VaPUC  |9 346443 
650 7 |a CATALOGOS POR MATERIAS  |2 CL-VaPUC  |9 459486 
650 0 |a Ìndices  |9 258316 
583 |a last modification  |c 20090806 00:00:00  |k Rodrigo Vera 
999 |c 335024  |d 335022 
952 |0 0  |1 0  |4 0  |6 337_142000000000000_BAC_2006  |7 0  |8 X  |9 424525  |a FDOMLP  |b FDOMLP  |d 2019-11-22  |i 4301579  |o 337.142 BAC 2006  |p 4301579  |r 2019-11-22  |w 2019-11-22  |y BK_X  |k BU2